Calder Hall ; the story of Britain's first atomic power station.

Bibliographic Details
Main Author: Jay, Kenneth Edmund Brian
Format: Book
Language:English
Published: New York : Harcourt, Brace, [1956]
Subjects:

MARC

Tag First Indicator Second Indicator Subfields
LEADER 00000cam a2200000 4500
001 in00000367243
005 20151011074740.0
008 720630s1956 nyua 00000 eng
010 |a  56011959  
035 |a (OCoLC)00346536 
035 |9 ABP5464AM 
040 |c KSU  |d TXA  |d UtOrBLW 
049 |a TXAM  |c [375127] 
090 |a TK1377.C3  |b J3 1956a 
100 1 |a Jay, Kenneth Edmund Brian. 
245 1 0 |a Calder Hall ;  |b the story of Britain's first atomic power station. 
264 1 |a New York :  |b Harcourt, Brace,  |c [1956] 
300 |a 88 pages :  |b illustrations ;  |c 20 cm. 
336 |a text  |b txt  |2 rdacontent 
337 |a unmediated  |b n  |2 rdamedia 
338 |a volume  |b nc  |2 rdacarrier 
610 2 0 |a Calder Hall Nuclear Power Station. 
999 |a MARS 
999 f f |s 346893c6-e36c-3ffe-b764-1923ad1f0373  |i e32d3137-cb16-359c-b78a-dea492b5e11b  |t 0 
952 f f |p normal  |a Texas A&M University  |b College Station  |c Sterling C. Evans Library  |d Evans: Library Stacks  |t 0  |e TK1377.C3 J3 1956a  |h Library of Congress classification  |i unmediated -- volume  |m A14805466486 
998 f f |a TK1377.C3 J3 1956a  |t 0  |l Evans: Library Stacks